Điểm mới về quyền nhân thân của cá nhân trong bộ luật dân sự (hiện hành) năm 2015 và những tình huống thực tế

Sách nói về điểm mới về quyền nhân thân của cá nhân trong Bộ luật dân sự năm 2015 và một số tình huống thực tế về quyền nhân thân của cá nhân.

Na minha lista:
Detalhes bibliográficos
Autor principal: Trương Hồng Quang
Formato: Livro
Idioma:Vietnamese
Publicado em: H. Chính trị quốc gia sự thật 2018
Assuntos:
Tags: Adicionar Tag
Sem tags, seja o primeiro a adicionar uma tag!
Thư viện lưu trữ: Thư viện Trường Đại học Nam Cần Thơ
LEADER 01449nam a22002177a 4500
001 NCT_56638
008 190107b xxu||||| |||| 00| 0 vie d
999 |c 2735  |d 2735 
020 |a 9786045741450  |c 55000 
082 0 4 |2 23rd ed.  |a 342.597085  |b Qu106 
100 1 |a Trương Hồng Quang 
245 1 0 |a Điểm mới về quyền nhân thân của cá nhân trong bộ luật dân sự (hiện hành) năm 2015 và những tình huống thực tế  |c Trương Hồng Quang 
260 |a H.  |b Chính trị quốc gia sự thật  |c 2018 
300 |a 198 tr.  |c 21cm 
520 3 |a Sách nói về điểm mới về quyền nhân thân của cá nhân trong Bộ luật dân sự năm 2015 và một số tình huống thực tế về quyền nhân thân của cá nhân. 
653 |a Luật học 
942 |2 ddc  |c BK 
952 |0 0  |1 0  |2 ddc  |4 0  |6 342_597085000000000_QU106  |7 0  |9 15098  |a 000001  |b 000001  |d 2019-01-07  |l 1  |o 342.597085 Qu106  |p MD.13784  |r 2019-12-04  |s 2019-11-23  |v 55000.00  |w 2019-01-07  |y BK 
952 |0 0  |1 0  |2 ddc  |4 0  |6 342_597085000000000_QU106  |7 0  |9 15099  |a 000001  |b 000001  |d 2019-01-07  |o 342.597085 Qu106  |p MD.13785  |r 2019-01-07  |v 55000.00  |w 2019-01-07  |y BK 
952 |0 0  |1 0  |2 ddc  |4 0  |6 342_597085000000000_QU106  |7 0  |9 15100  |a 000001  |b 000001  |d 2019-01-07  |o 342.597085 Qu106  |p MD.13786  |r 2019-01-07  |v 55000.00  |w 2019-01-07  |y BK 
980 |a Thư viện Trường Đại học Nam Cần Thơ